| 000 | 00850cam a22002651 4500 | ||
|---|---|---|---|
| 001 | ne 68001962 | ||
| 003 | DLC | ||
| 005 | 20260227111842.0 | ||
| 008 | 791221s1963 tu 000 0 tur | ||
| 010 | _ane 68001962 | ||
| 035 | _a(OCoLC)5818701 | ||
| 040 |
_aDLC _cAzU _dAzU _dDLC |
||
| 042 | _apremarc | ||
| 050 | 0 | 0 |
_aPL248.B48 _bZ89 no. 6 |
| 100 | 0 | _aOmar Khayyam. | |
| 245 | 1 | 0 | _aHayyam rubâîlerini Türkçe söyleyiş. |
| 260 |
_a[Derleyen] _bYahya Kemal. _a[İstanbul, _bYahya Kemal Enstitüsü] _c1963. |
||
| 300 |
_a60 p. _c20 cm. |
||
| 490 | 0 |
_aYahya Kemal külliyatı, _v4 |
|
| 440 | 0 |
_aYahya Kemal Enstitüsü yayımları, _v7 |
|
| 490 | 0 |
_aIstanbul Fetih Cemiyeti neşriyatı, _v51 |
|
| 500 | _aPersian and Turkish. | ||
| 500 | _aBound with Yahya Kemal. Rubâiler. [İstanbul] l963. | ||
| 700 | 0 |
_aYahya Kemal, _d1884-1958 _eed. |
|
| 999 |
_c50402 _d50402 |
||